[Event "Dresden ZMD op-C 21th"]
[Site "Dresden"]
[Date "2012.08.26"]
[Round "9"]
[White "Bashouti, Muhammed"]
[Black "Hansch, Bianca"]
[Result "0-1"]
[WhiteElo "1116"]
[BlackElo "1177"]
[PlyCount "42"]
[EventDate "2012.08.18"]
[EventType "swiss"]
[EventRounds "9"]
[EventCountry "GER"]
[SourceTitle "CBM 150 Extra"]
[Source "ChessBase"]
[SourceDate "2012.10.19"]
[SourceVersion "1"]
[SourceVersionDate "2012.10.19"]
[SourceQuality "1"]

1. e4 e5 2. Nf3 Nc6 3. Bc4 Bc5 4. c3 d6 5. d4 Bb6 6. dxe5 dxe5 7. Qxd8+ Kxd8 8. Ng5 Nh6 9. 0-0 Ke7 10. Be3 Be6 11. Bxb6 cxb6 12. Bxe6 fxe6 13. f4 Kf6 14. fxe5+ Kxg5 15. h4+ Kxh4 16. Rf4+ Kg5 17. g3 Nxe5 18. Nd2 Rhf8 19. Rh4 Nf3+ 20. Nxf3+ Rxf3 21. Rd1 Re3 0-1